MARC

LEADER 00000nam0a2200000 4500
001 74419
005 20231031085329.0
035 |a (RuTPU)RU\TPU\book\79369 
090 |a 74419 
100 |a 20050304d1976 k y0rusy50 ca 
101 1 |a rus  |c eng 
102 |a RU 
105 |a a z 001zy 
200 1 |a Операционные системы: Прагматический подход  |e пер. с англ.  |f Г. Катцан 
210 |a Москва  |c Мир  |d 1976 
215 |a 471 с.  |c ил. 
320 |a Библиогр.: с. 450-461 
320 |a Предметный указатель: с. 462-468 
610 1 |a цифровые вычислительные машины 
610 1 |a интегральные микросхемы 
610 1 |a математическое обеспечение 
610 1 |a операционные системы 
610 1 |a построение 
610 1 |a программы 
610 1 |a структура 
675 |a 681.3.06  |v 3 
700 1 |a Катцан  |b Г.  |g Гарри 
801 1 |a RU  |b 63413507  |c 20050304  |g PSBO 
801 2 |a RU  |b 63413507  |c 20160624  |g PSBO 
942 |c BK